Fruit and vegetable diseases

Kaydedildi:
Detaylı Bibliyografya
Materyal Türü: Kitap
Dil:Undetermined
Baskı/Yayın Bilgisi: Dordrecht, The Netherlands Kluwer Academic Publishers 2004
Konular:
Etiketler: Etiketle
Etiket eklenmemiş, İlk siz ekleyin!
Thư viện lưu trữ: Trung tâm Học liệu Trường Đại học Cần Thơ
LEADER 00612nam a2200217Ia 4500
001 CTU_117961
008 210402s9999 xx 000 0 und d
020 |c 241.17 
082 |a 632.9 
082 |b F944 
245 0 |a Fruit and vegetable diseases 
245 0 |c Edited by K.G. Mukerji 
260 |a Dordrecht, The Netherlands 
260 |b Kluwer Academic Publishers 
260 |c 2004 
526 |a Bệnh cây trồng 
526 |b NN359 
650 |a fruit,vegetable 
650 |x diseases and pests,diseases and pests 
904 |i Minh 
980 |a Trung tâm Học liệu Trường Đại học Cần Thơ